000 00583pam a2200205 a 4500
020 _a002801099X
040 _cDLC
082 0 0 _a629 GLE 1995 A038 Or.
100 1 _aCrouse, William Harry,
245 1 0 _aAutomotive engines /
250 _a8th ed.
260 _aNew York :
_bGlencoe,
_cc1995.
300 _avi, 426 p. :
_bill. ;
_c28 cm.
500 _aIncludes index.
650 0 _aAutomobiles
700 1 _aAnglin, Donald L.
856 4 2 _uhttp://www.loc.gov/catdir/description/mh031/94001806.html
856 4 1 _uhttp://www.loc.gov/catdir/toc/mh031/94001806.html
942 _cEK
999 _c11564
_d11564